000 00395nam a22001337a 4500
082 _a MS-PhD-IT KHA
100 _a Khalid Hafeez
_9102133
245 _a Interoperability among Access Control Models
260 _aIslamabad
_bNUST SEECS
_c2013
300 _a 77 P
500 _aSupervisors; Dr.Awais Shibli
856 _uhttp://10.250.8.41:8080/xmlui/handle/123456789/9833
942 _cPR
_2ddc
999 _c12281
_d12281